Statistics for Dutch Golden Age Historical Figures

Click here to take the quiz!

General Stats

  • This quiz has been taken 30 times
  • The average score is 4 of 12

Answer Stats

Answer % Correct
Rembrandt van Rijn
96%
Michiel de Ruyter
70%
Johannes Vermeer
44%
Cornelis de Witt
41%
Johan de Witt
41%
Baruch Spinoza
37%
Christiaan Huygens
26%
Hugo de Groot
22%
Constantijn Huygens
22%
Piet Hein
19%
Frederik Hendrik van Oranje
15%
Jan Adriaanszoon Leeghwater
11%

Score Distribution

Percentile by Number Answered

Percent of People with Each Score

Your Score History

You have not taken this quiz